000 00505nam a2200181Ia 4500
005 20250508154517.0
008 008 250505s9999 xx 000 0 eng d
037 _aTextual
040 _aFEDL
_beng
_cFEDL
041 _aeng
_2eng
084 _a371.33, CHA
_qFEDL
100 _aChakrabarti Sujit K
_9626052
245 0 _aLearning by choldren
260 _aCalcutta, India
_bOxford and IBH Publishing Co.
300 _a200p
942 _cTEXL
_h371.33, CHA
999 _c1350675
_d1350675